000 01366nas a2200289 i 4500
001 423
003 ES-MaACL
005 20250812062548.0
007 t|
008 950801d18951927sp | | 1 ||pa d
080 _a7.025.4(460.16)
245 0 0 _aBoletín de la Comisión de Monumentos Históricos y Artísticos de Navarra.
260 _aPamplona :
_bImp. Provincial,
_c[ca. 1895-1927] (
_fAramburu)
300 _a12 v. :
_bgrab. ;
_c29 cm.
310 _aTrimestral
362 0 _aAño I, n.1 (1 en. 1895)--2ª época (1910)- t. 17, n. 68 (4. trimestre 1926)- 3ª época (1927)-
500 _aEn la 2ª época, cuaderno 9 (1 en. 1912), subtít.: cuaderno 9º exclusivamente dedicado al esclarecido rey Don Sancho VIII el Fuerte y a la batalla de las Navas de Tolosa, con ocasión de celebrarse el 7º centenario de la gloriosa jornada.
500 _a3ª época (1927)
530 _aDisponible en formato digital.
650 1 7 _aArte
_2embne
_910068
650 4 _aMonumentos-
_xRestauración-
_zNavarra (Comunidad Autónoma)
_9162056
710 2 _aComisión de Monumentos Históricos y Artísticos de Navarra (
_cPamplona)
_93022
852 _aES-MaACL
_jHEM-D-143
_xHem-1343
_d
856 _uhttp://prensahistorica.mcu.es/es/consulta/registro.cmd?id=8013
_zBiblioteca Virtual de Prensa Histórica
866 0 _o(1910-11),(1913),1915-28.
999 _c423
_d423